000 00805nam a2200277 i 4500
001 C2-0265142
003 PPAK
005 20180727233216.0
008 050608s2005 my a|||| ||||| | may d
020 _a9831980441
040 _aPPAK
_beng
_cPPAK
_erda
082 0 4 _a333.5
_223
090 0 0 _a333.5
_bJAS
_dK
090 0 0 _a333.5
_bJAS
_dRK
100 0 _aJasiman Ahmad,
_eauthor
245 1 0 _aPengetahuan sistem koperasi
264 1 _aKuala Lumpur :
_bJade Green Publications ,
_c2005
300 _a64 pages :
_bcolour illustrations ;
_c29 cm
336 _2rdacontent
_atext
337 _2rdamedia
_aunmediated
338 _2rdacarrier
_avolume
490 1 _aSiri perdagangan dan keusahawanan
650 1 0 _aCooperatives societies.
830 0 _aSiri perdagangan dan keusahawanan
942 _ddc
_cB
999 _c74763
_d74763